| 000 | 00551nam a22001817a 4500 | ||
|---|---|---|---|
| 003 | OSt | ||
| 005 | 20220107122831.0 | ||
| 008 | 170802b xxu||||| |||| 00| 0 eng d | ||
| 040 | _cIIITMK | ||
| 100 |
_aNavya Thomas, K (92315016) _912522 |
||
| 245 | _aGround based remote estimation of lai using mobile operating system | ||
| 300 | _aMSC GIS- Main Project | ||
| 502 |
_bMSC GIS _c2015-2017 _dINT _eDr R Jaishanker |
||
| 650 |
_aLEAF AREA INDEX _912523 |
||
| 650 |
_aREMOTE SENSING _912524 |
||
| 650 |
_aMOBILE OPERATING SYSTEM _912525 |
||
| 942 |
_2ddc _cPR |
||
| 999 |
_c5773 _d5773 |
||